V pasti : přežil jsem zkázu vzducholodi Hindenburg, 1937 /
Dobrodružný příběh jedenáctiletého Huga, který se spolu se svými rodiči a malou sestrou vydává na nezapomenutelnou cestu v zepelínu.
Uloženo v:
| Série: | Přežil jsem,
část 13 |
|---|---|
| Hlavní autor: | |
| Další autoři: | , |
| Médium: | E-kniha |
| Jazyk: | Czech |
| Vydáno: |
V Brně :
CPress,
2025
|
| Vydání: | 1. vydání |
| Edice: | Dobrodružné příběhy pro děti
|
| Témata: | |
| Příbuzné jednotky: | Z cyklu::
Přežil jsem |
| Tagy: |
Žádné tagy |
| LEADER | 03739nam a2200733 i 4500 | ||
|---|---|---|---|
| 001 | 312762 | ||
| 003 | CZ PrSKC | ||
| 005 | 20260601215728.0 | ||
| 007 | ta | ||
| 008 | 250721s2025 xr a b 000 j cze | ||
| 015 | |a cnb003696691 | ||
| 020 | |a 9788026456643 |q (brožováno) : |c Kč 249,00 | ||
| 035 | |a (OCoLC)1535681014 | ||
| 040 | |a BOA001 |b cze |e rda | ||
| 041 | 1 | |a cze |h eng | |
| 043 | |a e-gx--- |a n-us-nj | ||
| 045 | |a x3x3 | ||
| 072 | 7 | |a 821.111(73)-3 |x Americká próza |2 Konspekt | |
| 072 | 7 | |a 821-93 |x Literatura pro děti a mládež (beletrie) |2 Konspekt | |
| 080 | |a 821.111(73)-32 |2 MRF | ||
| 080 | |a 821-93 |2 MRF | ||
| 080 | |a 629.733.5 |2 MRF | ||
| 080 | |a 656.7.082 |2 MRF | ||
| 080 | |a (430) |2 MRF | ||
| 080 | |a (734.9) |2 MRF | ||
| 080 | |a (0:82-321.3) |2 MRF | ||
| 100 | 1 | |a Tarshis, Lauren, |d 1963- |7 xx0191529 |4 aut | |
| 240 | 1 | 0 | |a I survived the Hindenburg disaster, 1937. |l Česky |
| 245 | 1 | 0 | |a V pasti : |b přežil jsem zkázu vzducholodi Hindenburg, 1937 / |c Lauren Tarshisová ; ilustrace Scott Dawson ; z anglického originálu I survived the Hindenburg disaster, 1937 ... přeložila Eva Kadlecová Pourová |
| 246 | 3 | 0 | |a Přežil jsem zkázu vzducholodi Hindenburg, 1937 |
| 250 | |a 1. vydání | ||
| 264 | 1 | |a V Brně : |b CPress, |c 2025 | |
| 300 | |a 130 stran, 18 nečíslovaných stran : |b ilustrace ; |c 21 cm | ||
| 336 | |a text |b txt |2 rdacontent | ||
| 337 | |a bez média |b n |2 rdamedia | ||
| 338 | |a svazek |b nc |2 rdacarrier | ||
| 490 | 1 | |a Dobrodružné příběhy pro děti | |
| 520 | 2 | |a Dobrodružný příběh jedenáctiletého Huga, který se spolu se svými rodiči a malou sestrou vydává na nezapomenutelnou cestu v zepelínu. |b Pro jedenáctiletého Huga je let na palubě Hindenburgu splněným snem. Spolu s rodiči a čtyřletou sestřičkou se vydává na vzrušující cestu přes Atlantik v zepelínu velkém jako Titanik. Když se však vzducholoď chystá přistát, otřese Hindenburgem mohutný výbuch a stroj se ocitne v plamenech. Osud Hindenburgu je zpečetěn. A zdá se, že spolu s ním i osud Hugův. Přežije chlapec tuto katastrofu, která se zapsala do dějin? Nakladatelská anotace. | |
| 521 | 8 | |a Pro čtenáře od 9 let | |
| 610 | 2 | 7 | |a Hindenburg (vzducholoď) |7 ko20191030813 |2 czenas |
| 648 | 7 | |a 1937 |7 ch969071 |2 czenas | |
| 648 | 7 | |a 1931-1940 |7 ch460581 |2 czenas | |
| 650 | 0 | 7 | |a vzducholodě |7 ph153408 |z Německo |2 czenas |
| 650 | 0 | 7 | |a letecké nehody |7 ph162492 |z Spojené státy americké |y 1931-1940 |2 czenas |
| 650 | 0 | 9 | |a airships |z Germany |2 eczenas |
| 650 | 0 | 9 | |a aircraft crashes |z United States |y 1931-1940 |2 eczenas |
| 651 | 7 | |a Lakehurst (New Jersey) |7 ge1268763 |2 czenas | |
| 651 | 9 | |a Lakehurst (New Jersey) |2 eczenas | |
| 655 | 7 | |a americké příběhy |7 fd131795 |2 czenas | |
| 655 | 7 | |a dobrodružné příběhy |7 fd132060 |2 czenas | |
| 655 | 7 | |a publikace pro děti |7 fd133156 |2 czenas | |
| 655 | 9 | |a American stories |2 eczenas | |
| 655 | 9 | |a adventure stories |2 eczenas | |
| 655 | 9 | |a children's literature |2 eczenas | |
| 700 | 1 | |a Dawson, Scott |7 ola2015853911 |4 ill | |
| 700 | 1 | |a Kadlecová Pourová, Eva |7 jo20221142667 |4 trl | |
| 787 | 0 | 8 | |i Z cyklu: |t Přežil jsem |g 13 |
| 830 | 0 | |a Dobrodružné příběhy pro děti | |
| 900 | |a ABA001 |b 20 | ||
| 928 | 9 | |a Albatros Media - CPress | |
| 044 | |a xr | ||
| 910 | |a RBIT002 | ||
| 998 | |d 421315 |a https://core.palmknihy.cz/api/books/421315/cover?syz38o |b https://core.palmknihy.cz/api/books/421315/cover/400?syz38o |c https://core.palmknihy.cz/api/books/421315/cover/50?syz38o |e 2029-12-12 |g 152 |i 9788026456643 |j https://core.palmknihy.cz/api/books/421315/preview.epub |k https://core.palmknihy.cz/api/books/421315/preview.pdf |l |q 49 |r 1 |s https://www.palmknihy.cz/kniha/421315 |t ebook |y 2025 |z 0 |v Přežil jsem |w 13 | ||
| 999 | |d 312760 | ||